banner koha

Desenvolvimento e avaliação de equipamento de tração, para redução de fraturas de ossos longos de cães (Registro n. 300443)

MARC details
000 -LÍDER
fixed length control field 05379nab a2200361 i 4500
003 - CÓDIGO MARC DA AGÊNCIA CATALOGADORA
Campo de controle BR-BrBNA
005 - DATA E HORA DA ÚLTIMA ATUALIZAÇÃO
Campo de controle 20240708131934.0
008 - CAMPO DE TAMANHO FIXO
fixed length control field 240708b2017 bl.|r|pooa||| 00| 0 por |
040 ## - FONTE DA CATALOGAÇÃO
Agência catalogadora BR-BrBNA
Idioma da catalogação por
072 ## - CATEGORIA AGRIS
Código AGRIS L74
Código do objeto 5400
072 ## - CATEGORIA AGRIS
Código AGRIS L70
100 ## - ENTRADA PRINCIPAL - NOME PESSOAL
Nome pessoal Tudury, E.A.
100 ## - ENTRADA PRINCIPAL - NOME PESSOAL
Nome pessoal Souza, A.F.A.
100 ## - ENTRADA PRINCIPAL - NOME PESSOAL
Nome pessoal Fernandes, T.H.T.
100 ## - ENTRADA PRINCIPAL - NOME PESSOAL
Nome pessoal Araújo, B.M.
100 ## - ENTRADA PRINCIPAL - NOME PESSOAL
Nome pessoal Oliveira, L.M.
100 ## - ENTRADA PRINCIPAL - NOME PESSOAL
Nome pessoal Amorim, M.M.A.
100 ## - ENTRADA PRINCIPAL - NOME PESSOAL
Nome pessoal Espíndola, C.R.S.
100 ## - ENTRADA PRINCIPAL - NOME PESSOAL
Nome pessoal Silva, I.C.C.
245 ## - TÍTULO PRINCIPAL
Título principal Desenvolvimento e avaliação de equipamento de tração, para redução de fraturas de ossos longos de cães
500 ## - NOTA GERAL
Nota geral Publicação online; 17 ref.; 4 illus.; Summaries (En, Pt)
942 ## - ADDED ENTRY ELEMENTS (KOHA)
Koha item type
520 ## - NOTA DE RESUMO
Nota de conteúdo <br/><br/>RESUMO - Fraturas costumam ocorrer com encavalgamento das extremidades ósseas, dificultando, assim, sua redução. Esta pesquisa teve como objetivo desenvolver um equipamento de tração esquelética a ser utilizado em caninos acometidos de fraturas de ossos longos. Foram utilizados 21 cães de raças variadas, pesando entre dois e 27kg, com idade entre dois meses e 11 anos, com fraturas diafisárias ou metafisárias ocorridas entre três e 24 dias. Enquanto a fixação do corpo do paciente à mesa foi efetuada com cintas de náilon, a força de tração aplicada ao longo do eixo ósseo do membro fraturado foi realizada mediante cintas de náilon ou pinos transfixados e estribos (sendo os pinos implantados na epífise distal do osso fraturado), com a força de tração medida por um dinamômetro, não sendo aplicada carga maior que 25kg. Em todos os casos, a força de tração iniciava com o valor de cinco quilogramas, exceto em animais com peso inferior a esta, a qual começava com carga equivalente a esse peso; e em todos, se necessário, era aumentada a cada cinco minutos para se manter tração igual ao peso ou aos valores que oscilavam do seu peso até cinco quilogramas, dependendo do tamanho do animal, até se atingir a tração necessária para se proceder à redução. Para essa progressão de distensão, o equipamento possuía haste rosqueada de 25mm de diâmetro, uma porca com sistema timão e cilindro deslizante por fora da haste, este conectado ao animal por uma corrente, e o dinamômetro. Todos os animais tiveram as fraturas reduzidas sem haver perda óssea, o que evidencia que o aparelho se mostrou eficiente tanto na redução como na manutenção da redução da fratura, e eles não apresentaram, no pós-operatório, sinais de prejuízos neurológicos, vasculares, cutâneos e articulares. O distensor ósseo aqui desenvolvido tem como características: ser de simples confecção, ter baixo custo, não gerar danos ao paciente e facilitar a redução dos fragmentos tanto em fraturas recentes quanto em antigas.<br/><br/><br/>Palavras-chave: cão, fraturas, redução, equipamento
520 ## - NOTA DE RESUMO
Nota de conteúdo <br/><br/>ABSTRACT - Fractures usually occur with overriding of bone fragments, thus hindering fracture reduction. The aim of this research was to develop and test a skeletal traction device for use in dogs with long bone fractures. Twenty-one dogs were included, regardless of breed or gender, weighing between two and 27kg, and between two months and 11 years of age, with metaphyseal or diaphyseal fractures that had occurred between three and 24 days prior to intervention. While fixation of the patient's body to the table was performed using nylon straps, the traction force applied along the bone axis of the fractured limb was performed using nylon straps or transfixed pins and stirrups (with the pins implanted in the distal epiphysis of the fractured bone). Tensile strength was measured by a dynamometer, and the maximum load applied was no greater than 25kg. In all cases, the distraction force began at five kilograms except in dogs below this weight, where the starting load was equivalent to the weight of the animal. If necessary, in all dogs, force was increased every five minutes to maintain equal traction to the dog’s weight or values which ranged from the dog’s weight to five kilograms depending on the size of the animal, until the necessary traction for reduction was obtained. For this progression of distension, the equipment had a 25-milimeter-diameter threaded rod, a nut with a rudder system and sliding cylinder outside the rod, which connected to the dog via a chain and the dynamometer. Fracture reduction was achieved in all dogs without bone loss, and the device was shown to be efficient in both allowing and maintaining fracture reduction, with no neurologic, vascular, cutaneous, or articular damage. The developed bone distractor has the following characteristics: simple to construct, low cost, does not harm the patient, and facilitates reduction of the fragments in recent and old fractures.<br/><br/><br/>Keywords: dog, fractures, reduction, device
650 ## - ASSUNTO - THESAGRO
Cabeçalho tópico ou nome geográfico CÃO
650 ## - ASSUNTO - THESAGRO
Cabeçalho tópico ou nome geográfico FRATURA
650 ## - ASSUNTO - THESAGRO
Cabeçalho tópico ou nome geográfico OSSO
650 ## - ASSUNTO - THESAGRO
Cabeçalho tópico ou nome geográfico EQUIPAMENTO
650 ## - ASSUNTO - THESAGRO
Cabeçalho tópico ou nome geográfico DISTÚRBIO FISIOLÓGICO
773 0# - ENTRADA ANALÍTICA
Host Biblionumber 1643
Registro do item 316242
Imprenta Belo Horizonte-MG Universidade Federal de Minas Gerais - Escola de Veterinaria 1983
Outro identificador 2024-2643
Título Arquivo Brasileiro de Medicina Veterinária e Zootecnia (Brazil)
ISSN 0102-0935
Colação v. 69(4) p. 933-940; (2017)
Número de controle de registro BR2024001659
856 ## - ACESSO E ENDEREÇO ELETRÔNICO
Identificador uniforme de recurso - URI https://www.scielo.br/j/abmvz/a/3mHK3XF5wbpXLmctBCjLnLs/?format=pdf&lang=pt

Nenhum exemplar disponível.

BINAGRI

Telefone: (61)3218-2567/2388/3357/2097 - binagri@agro.gov.br

Ministério da Agricultura e Pecuária , Esplanada dos Ministérios, Bloco D, Anexo B, Brasília/DF, CEP: 70.043-900